| 000 | 00831cam a22002655a 4500 | ||
|---|---|---|---|
| 001 | 016540066 | ||
| 003 | OSt | ||
| 005 | 20201128023630.0 | ||
| 008 | 130808s2014 enk frb 001 0 eng d | ||
| 020 | _a9780745670553 | ||
| 020 | _a0745670555 (hbk.) | ||
| 040 |
_aUK-WkNB _beng _cUK-WkNB _dUkOxU _dUk _dEG-ScBUE |
||
| 082 | 0 | 4 |
_a302.23 _222 _bMED |
| 245 | 0 | 0 |
_aMedia sociology : _ba reappraisal / _cedited by Silvio Waisbord. |
| 260 |
_aCambridge ; _aMalden : _bPolity Press, _c2014. |
||
| 300 |
_avi, 298 p. ; _c24 cm |
||
| 500 | _aIndex : p. 293-298. | ||
| 504 | _aBibliography : p. 248-292. | ||
| 650 | 7 |
_aMass media _xSocial aspects. _2BUEsh _939331 |
|
| 650 | 7 |
_aSociology. _2BUEsh _9718 |
|
| 651 | _2BUEsh | ||
| 653 |
_bBUSBOL _cFebruary2016 |
||
| 700 | 1 |
_aWaisbord, Silvio R. _q(Silvio Ricardo), _d1961- _eeditor. |
|
| 942 | _2ddc | ||
| 999 |
_c21136 _d21108 |
||